000 00708nam a2200217Ii 4500
003 JO-AjNU
008 230606s9999||||xx |||||||||||||| ||und||
020 _a978-0-19-883874-6
040 _aJO-AjNU
_beng
_erda
_cJO-AjNU
041 _aeng
050 1 4 _aKD1623.99 .B58 2019
100 3 _aedited Rose, F.D.,
_eauthor
_96112
245 0 0 _aBlackstone's statutes on Commercial & Consumer Law 2019-2020
250 _a28th ed
264 3 1 _aOxford: Oxford University Press, 2019
300 _a684p
336 _atext
_btxt
_2rdacontent
337 _aunmediated
_bn
_2rdamedia
338 _avolume
_bnc
_2rdacarrier
650 4 _aCommercial law--England Consumer protection--Law and legislation--England.
_96113
999 _aE3173
_c3169
_d3169